Statistics for Countries Beginning with N

Click here to take the quiz!

General Stats

  • This quiz has been taken 15 times
  • The average score is 9 of 11

Answer Stats

HintAnswer% Correct
AfricaNamibia
100%
AfricaNiger
93%
AfricaNigeria
93%
EuropeNorway
93%
OceaniaNauru
87%
OceaniaNew Zealand
87%
EuropeNorth macedonia
87%
EuropeNetherlands
80%
North AmericaNicaragua
80%
AsiaNepal
73%
AsiaNorth Korea
67%

Score Distribution

Percentile by Number Answered

Percent of People with Each Score

Your Score History

You have not taken this quiz